00428 2200169 4500001002100000005001500021035002000036007000300056008004100059020001800100082000800118084001800126100002100144245004100165260003600206990001600242INLIS00000000000223020260305105417 a0010-0326000178ta260305 0  a9786232936997 a811 a811 ACE g c.10 aAcep Zamzam Noor1 aGema Tanpa Sahutan :bKumpulan Puisi aYogyakarta :bDIVA Press,c2022 a2026/P/0276